Alexander The Great (Record no. 11254)

MARC details
000 -LEADER
fixed length control field 00255nam a22000977a 4500
008 - FIXED-LENGTH DATA ELEMENTS--GENERAL INFORMATION
fixed length control field 181204b ||||| |||| 00| 0 eng d
020 ## - INTERNATIONAL STANDARD BOOK NUMBER
International Standard Book Number 9788175993143
100 ## - MAIN ENTRY--PERSONAL NAME
Personal name Abbot Jacob
9 (RLIN) 7002
245 ## - TITLE STATEMENT
Title Alexander The Great
260 ## - PUBLICATION, DISTRIBUTION, ETC. (IMPRINT)
Place of publication, distribution, etc. New delhi
Name of publisher, distributor, etc. Prakash Books
Date of publication, distribution, etc. 2017
Holdings
Withdrawn status Lost status Source of classification or shelving scheme Damaged status Koha normalized classification for sorting Not for loan Home library Current library Shelving location Date acquired Total Checkouts Full call number Barcode Date last seen Date last checked out Price effective from Koha item type
    Dewey Decimal Classification   938_070000000000000   Good Samaritan School Library Good Samaritan School Library History 12/04/2018 8 938.07 ABB15198 04/09/2026 02/28/2026 12/04/2018 BOOK

Powered by Koha